000
00216 a2200097 4500
001
19301
100
_a
Butts, R F
245
_a
Cultural history of western educ
260
_a
_b
MC Graw Hill
_c
090
_c
14176
_d
14176
942
_a
NUST-CAE
_c
M
_c
4643
999
_c
254374
_d
254374